The alkaloids. Volume 24, Chemistry and pharmacology /

Bibliographic Details
Corporate Author: ScienceDirect (Online service)
Other Authors: Brossi, Arnold
Format: eBook
Language:English
Published: Orlando ; London : Academic Press, 1985.
Series:Alkaloids. Chemistry and pharmacology ; v. 24
Subjects:
Online Access:Connect to the full text of this electronic book

MARC

Tag First Indicator Second Indicator Subfields
LEADER 00000cam a2200000 a 4500
001 in00005744321
005 20260326180330.3
006 m o d
007 cr cn|||||||||
008 840822s1985 flua ob 001 0 eng d
040 |a E7B  |b eng  |e pn  |c E7B  |d OCLCQ  |d UBY  |d OCLCQ  |d OPELS  |d OCLCQ  |d OCLCF  |d OCLCQ  |d DEBSZ  |d INARC  |d OCLCO  |d OCLCQ  |d OCLCO  |d OCLCQ  |d OCLCL  |d COA 
019 |a 505141610  |a 1340062165 
020 |a 0124695248  |q (electronic bk.) 
020 |a 9780124695245  |q (electronic bk.) 
024 8 |a (WaSeSS)ssj0000334530 
035 |a (OCoLC)646757197  |z (OCoLC)505141610  |z (OCoLC)1340062165 
050 4 |a QD421.A1  |b A4324 1985eb 
082 0 4 |a 572/.549  |2 23 
049 |a TXAM 
245 0 4 |a The alkaloids.  |n Volume 24,  |p Chemistry and pharmacology /  |c edited by Arnold Brossi. 
260 |a Orlando ;  |a London :  |b Academic Press,  |c 1985. 
300 |a 1 online resource (xx, 359 pages) :  |b illustrations. 
336 |a text  |b txt  |2 rdacontent 
337 |a computer  |b c  |2 rdamedia 
338 |a online resource  |b cr  |2 rdacarrier 
347 |a text file  |2 rdaft  |0 http://rdaregistry.info/termList/fileType/1002. 
490 0 |a Alkaloids. Chemistry and pharmacology ;  |v v. 24 
504 |a Includes bibliographical references and index. 
588 0 |a Print version record. 
650 0 |a Alkaloids  |x Physiological effect. 
650 0 |a Alkaloids. 
650 6 |a Alcaloïdes  |x Effets physiologiques. 
650 6 |a Alcaloïdes. 
650 7 |a Alkaloids  |2 fast 
650 7 |a Alkaloids  |x Physiological effect  |2 fast 
655 7 |a Electronic books.  |2 local 
700 1 |a Brossi, Arnold. 
710 2 |a ScienceDirect (Online service) 
856 4 0 |u http://proxy.library.tamu.edu/login?url=https://www.sciencedirect.com/science/bookseries/00999598/24  |z Connect to the full text of this electronic book  |t 0 
936 |a BATCHLOAD 
955 |a Elsevier ScienceDirect 2026-2027 
994 |a 92  |b TXA 
999 f f |i 64aa2b4b-e447-422e-8f20-27cf5992060a  |s 05c0be4c-2c0c-46e8-bb9e-a7881706664f  |t 0 
952 f f |a Texas A&M University  |b College Station  |c Electronic Resources  |s www_evans  |d Available Online  |t 0  |e QD421.A1 A4324 1985eb  |h Library of Congress classification 
998 f f |a QD421.A1 A4324 1985eb  |t 0  |l Available Online